000 00759nam a2200229 i 4500
001 146991
003 ES-MaACL
005 20250816073219.0
007 t|
008 070920s1973 sp ||||1| spa d
080 _a741.5(46)"19"
100 1 _aTubau, Iván.
_9111615
245 1 0 _aDe Tono a Perich
_b: el chiste gráfico en la prensa española de la postguerra (1939-1969).
260 _a[Madrid] :
_bGuadarrama,
_c[1973]
300 _a323 p. ;
_c21 cm.
490 1 _aPublicaciones de la Fundación Juan March. Monografías
600 1 4 _aTono (
_d1896-1978)
_9110581
600 0 4 _aPerich, Jaime.
_991256
830 0 0 _aPublicaciones de la Fundación Juan March
_9233016
852 _aES-MaACL
_jC-48847
_bR.85786
999 _c146991
_d146991